Top 15 Hottest Women - Statistics

General Stats
  • This quiz has been taken 821 times
  • The average score is 5 of 15
Answer Stats
Hint Answer % Correct
In a relationship with Jay Z Beyonce
81%
"We Found Love" Rihanna
65%
Keeping up with the... Kim Kardashian
59%
Played Black Widow Scarlet Johansson
49%
Starred in Ted Mila Kunis
46%
Swimsuit model Kate Upton
29%
"Pound the Alarm" Nicki Minaj
26%
"Call Me Maybe" Carly Rae Jepson
25%
Starred in Game of Thrones Emilia Clarke
24%
Her album is "Born to Die" Lana Del Rey
20%
Latina Sofia Vergara
10%
Sang "How Do We Do" Rita Ora
8%
Starred in North Country Charlize Theron
4%
IMDB's best rated actress Emma Stone
4%
Daughter of a politician named Wayne Paulinia Gretzky
1%
No matching quizzes found
Score Distribution
Percent of People with Each Score
Percentile by Number Answered
Your Score History
You have not taken this quiz